Bộ điều khiển lập trình vận hành và ứng dụng /

Giáo trình lấy khung tự giới thiệu nội dung của TLTK với phần nội dung cập nhật và bổ sung đồng thời chọn cấu hình của hãng MISUBISHI ELECTRIC làm cơ sở trình bày và minh họa. Nội dung của giáo trình gồm các chương sau đây:...

Volledige beschrijving

Bewaard in:
Bibliografische gegevens
Hoofdauteur: Lê Hoài Quốc
Andere auteurs: Chung Tấn Lâm
Formaat: Boek
Taal:Vietnamese
Gepubliceerd in: H. : Khoa học và Kỹ thuật , 2008
Editie:Tái bản lần thứ 3
Onderwerpen:
Tags: Voeg label toe
Geen labels, Wees de eerste die dit record labelt!
Thư viện lưu trữ: Thư viện Trường CĐ Kỹ Thuật Cao Thắng
LEADER 02132nam a2200349 a 4500
001 TVCDKTCT13428
003 Thư viện trường Cao đẳng Kỹ thuật Cao Thắng
005 20111205000000
008 111205
980 \ \ |a Thư viện Trường CĐ Kỹ Thuật Cao Thắng 
024 |a RG_1 #1 eb0 i1 
041 0 # |a vie 
082 # # |a 005.1 /   |b B450Đ-l 
100 1 # |a Lê Hoài Quốc 
245 0 0 |a Bộ điều khiển lập trình vận hành và ứng dụng /  |c Lê Hoài Quốc, Chung Tấn Lâm 
250 # # |a Tái bản lần thứ 3 
260 # # |a H. :  |b Khoa học và Kỹ thuật ,  |c 2008 
300 # # |a 311tr. ;  |c 24cm 
520 # # |a Giáo trình lấy khung tự giới thiệu nội dung của TLTK với phần nội dung cập nhật và bổ sung đồng thời chọn cấu hình của hãng MISUBISHI ELECTRIC làm cơ sở trình bày và minh họa. Nội dung của giáo trình gồm các chương sau đây: 
520 # # |a Chương 1: Tổng quan về các hệ thống điều khiển 
520 # # |a Chương 2: Bộ điều khiển lập trình 
520 # # |a Chương 3: Phương pháp lập trình trên PLC 
520 # # |a Chương 4: Ngôn ngữ lập trình Ladder 
520 # # |a Chương 5: Kỹ thuật lập trình điều khiển trình tự 
520 # # |a Chương 6: Các chức năng chuyên dùng trên PLC 
520 # # |a Chương 7: Truyền thông trên PLC 
520 # # |a Chương 8: Ứng dụng PLC trong điều khiển công nghiệp 
520 # # |a Chương 9: Lựa chọn, lắp đặt, kiểm tra và bảo trì hệ thống PLC 
520 # # |a Để giúp bạn đọc nắm vững nội dung và khai thác tốt trong ứng dụng thực tế, cuối mỗi chương có phần tóm tắt nội dung và câu hỏi ôn tập. 
650 # 4 |a Kỹ thuật lập trình 
650 # 4 |a Lập trình ứng dụng 
700 0 # |a Chung Tấn Lâm